CINDERELLA (Record no. 78998)

MARC details
000 -LEADER
fixed length control field 00281nam a2200133Ia 4500
008 - FIXED-LENGTH DATA ELEMENTS--GENERAL INFORMATION
fixed length control field 090123s9999 xx 000 0 und d
082 ## - DEWEY DECIMAL CLASSIFICATION NUMBER
Item number 40925
245 ## - TITLE STATEMENT
Title CINDERELLA
250 ## - EDITION STATEMENT
Edition statement 0
260 ## - PUBLICATION, DISTRIBUTION, ETC. (IMPRINT)
Name of publisher, distributor, etc ARORA BOOK CO.
630 ## - SUBJECT ADDED ENTRY--UNIFORM TITLE
Uniform title CINDERELLA
730 ## - ADDED ENTRY--UNIFORM TITLE
Uniform title CINDERELLA
942 ## - ADDED ENTRY ELEMENTS (KOHA)
Koha item type Book
Holdings
Withdrawn status Lost status Damaged status Not for loan Home library Current library Date acquired Cost, normal purchase price Total Checkouts Full call number Barcode Date last seen Cost, replacement price Price effective from Koha item type
        Jawahar Wachalanalaya, Kalwa Jawahar Wachalanalaya, Kalwa 05/07/2007 12.00   40925 KLW-40925 01/23/2009 12.00 01/23/2009 Book